| 000 | 00694nam a2200193Ia 4500 | ||
|---|---|---|---|
| 008 | 151121s9999||||xx |||||||||||||| ||und|| | ||
| 082 | _a301/रानडे | ||
| 082 | _bHNW-19846 | ||
| 100 | _aरानडे स। अ। | ||
| 245 | _aमॅट्रीक अभ्यासाच्या वाटा | ||
| 260 | _b"लेले मो। चि।, मुंबई" | ||
| 260 | _c-- | ||
| 300 | _a76 | ||
| 600 | _aरानडे स। अ। | ||
| 630 | _aमॅट्रीक अभ्यासाच्या वाटा | ||
| 700 | _aरानडे स। अ। | ||
| 730 | _aमॅट्रीक अभ्यासाच्या वाटा | ||
| 942 | _cBOOK | ||
| 999 |
_c1220928 _d1220925 |
||